00490nam a2200193 a 45000010005000000030009000050080041000140400028000550820016000831000025000992450016001242600037001403000010001776500020001876500020002076500019002276500021002466500029002673736CO-ViMGA141112s2004 ck r 000 u spa d aCO-ViMGAbspacCO-ViMGA04a923.2 P376m1 aMartinez, Tomas Eloy10aSanta Evita aBuenos Aires : bPlaneta, c1995 a398 p14aCUERPO - NOVELA14aMUERTE - NOVELA14aMUJER - NOVELA14aNOVELA ARGENTINA14aPERON, EVA - 1931 - 1974